Loading...
Pest control : Biological,physical and selected chemical methods
| Main Authors: | , , , |
|---|---|
| Format: | Printed Book |
| Language: | Undetermined |
| Published: |
Academic press
1967
Newyork |
| Subjects: |
| LEADER | 00721nam a2200253Ia 4500 | ||
|---|---|---|---|
| 008 | 141122s9999 xx 000 0 und d | ||
| 040 | |c . | ||
| 041 | |a English | ||
| 082 | |a 591.65 | ||
| 082 | |b KIL/PE | ||
| 100 | |a Dutt | ||
| 100 | |a Ricahard | ||
| 100 | |a Richard L Doutt | ||
| 100 | |a Weldell W Kilgore | ||
| 245 | |a Pest control : Biological,physical and selected chemical methods | ||
| 245 | |c Weldell W Kilgore | ||
| 260 | |b Academic press | ||
| 260 | |b Newyork | ||
| 260 | |c 1967 | ||
| 300 | |a 470 Pages | ||
| 650 | |a Parasitology | ||
| 942 | |c BK | ||
| 999 | |c 12999 |d 12999 | ||
| 952 | |0 0 |1 4 |2 ddc |4 0 |6 591_650000000000000_KILPE |7 0 |9 12830 |a COVAS |b COVAS |d 0000-00-00 |o 591.65 KIL/PE |p 4356 |r 2014-11-26 |w 2014-11-26 |y BK | ||